TF2 Meet The Heavy Monologue - Statistics

General Stats
  • This quiz has been taken 266 times
  • The average score is 58 of 76
Answer Stats
Answer % Correct
Heavy
99%
I
99%
I
99%
weapon.
99%
weapon...
99%
am
98%
my
98%
my
98%
MY
98%
this
97%
this
97%
and
96%
and
96%
Guy...
96%
is
96%
Weapons
95%
to
91%
to
91%
fire
88%
who
88%
WHO
88%
who
88%
GUN?
87%
for
83%
seconds.
83%
touched
83%
TOUCHED
83%
It
82%
bullet.
81%
me.
80%
outsmart
79%
outsmart
79%
Sasha?
79%
can
78%
can
78%
costs
78%
dollar,
78%
twelve
78%
Maybe,
77%
maybe.
77%
Some
75%
some
75%
some
75%
they
74%
thousand
74%
thousand
74%
yet
74%
one
73%
have
72%
hundred
72%
hundred
72%
meet
72%
think
72%
people
71%
dollars
70%
She
70%
God,
68%
Oh
68%
four
67%
Cry
63%
Cry
63%
more!
63%
more.
63%
fires
61%
per
60%
weighs
60%
two
59%
kilograms
54%
minute.
54%
rounds
54%
custom
50%
cartridges
46%
at
41%
ten
40%
150
30%
tooled
24%
No matching quizzes found
Score Distribution
Percent of People with Each Score
Percentile by Number Answered
Your Score History
You have not taken this quiz